| 000 | 00990nmm a2200289 a 4500 | ||
|---|---|---|---|
| 001 | ocm0001232181 | ||
| 003 | TR-IsHL | ||
| 005 | 20201028155936.0 | ||
| 008 | 150709s2015 tu tur | ||
| 007 | cr cn | ||
| 020 | _a9786059831000 | ||
| 035 |
_a1232181 _b(N$T) |
||
| 050 | 0 | 4 |
_aQH545 _b.G87 2015 |
| 090 | 0 | 4 |
_aQH545 _b.G87 2015 |
| 100 | 1 | _aGürarda, Şevin | |
| 245 | 1 | 0 |
_aÇevre muhasebesi açısından düzenli depolama tesisi uygulaması _h[electronic resource] / _cŞevin Gürarda |
| 260 |
_aKonya : _bEğitim Akademi Yayınevi, _c2015 |
||
| 300 | _a105 p. | ||
| 650 | 4 | _aÇevre Bilimleri | |
| 650 | 4 | _aEnvironmental Sciences | |
| 650 | 0 | _aÇevre koruma. | |
| 650 | 0 | _aEnvironmental protection. | |
| 650 | 0 | _aAtık ve atık boşaltımı. | |
| 650 | 0 | _aRefuse and refuse disposal. | |
| 650 | 7 |
_aTECHNOLOGY & ENGINEERING / Environmental / General _2bisacsh |
|
| 856 | 4 | 0 | _uhttp://search.ebscohost.com/login.aspx?direct=true&scope=site&db=e011xww&AN=1232181 |
| 999 |
_c13345 _d13345 |
||